Technika naprawy odbiorników TV / (Record no. 35)
[ view plain ]
| 000 -ETYKIETA REKORDU | |
|---|---|
| pole stałej długości | 01143nam a2200373 i 4500 |
| 001 - NUMER KONTROLNY REKORDU | |
| pole kontrolne | 991038747559705066 |
| 005 - DATA OSTATNIEJ MODYFIKACJI REKORDU | |
| pole kontrolne | 20260503183759.0 |
| 008 - DANE KONTROLNE (POLA STAŁEJ DŁUGOŚCI) | |
| pole stałej długości | 071130s1970 pl a |000 0 pol |
| 009 - STREFA OPISU FIZYCZNEGO POLA STAŁEJ DŁUGOŚCI DLA KOLEKCJI ARCHIWALNYCH [NIEUŻYWANE] | |
| pole stałej długości | b0000002037139 |
| 015 ## - NUMER NARODOWEJ BIBLIOGRAFII | |
| Numer bibliografii narodowej | UWD 1971/1330 |
| 035 ## - NUMER SYSTEMOWY REKORDU | |
| Numer systemowy | 991038747559705066 |
| 035 ## - NUMER SYSTEMOWY REKORDU | |
| Numer systemowy | (PL-WaBN)b20371391-48omnis_nlop |
| 035 ## - NUMER SYSTEMOWY REKORDU | |
| Numer systemowy | b20371391 |
| 035 ## - NUMER SYSTEMOWY REKORDU | |
| Numer systemowy | (OCoLC)830924798 |
| 035 ## - NUMER SYSTEMOWY REKORDU | |
| Numer systemowy | (PL)b0000002037139 |
| 035 ## - NUMER SYSTEMOWY REKORDU | |
| Numer systemowy | (EXLNZ-48OMNIS_NETWORK)9910274796305606 |
| 040 ## - INSTYTUCJA SPORZĄDZAJĄCA REKORD | |
| Instytucja, która przygotowała dane do khw | WA N |
| Instytucja, która wprowadziła rekord | WA N |
| 080 ## - SYMBOL UNIWERSALNEJ KLASYFIKACJI DZIESIĘTNEJ | |
| Symbol Uniwersalnej Klasyfikacji Dziesiętnej | 621.397 |
| 100 1# - HASŁO GŁÓWNE - NAZWA OSOBOWA | |
| Nazwa osobowa | Łokuć, Janusz |
| 245 10 - STREFA TYTUŁU I OZNACZENIA ODPOWIEDZIALNOŚCI | |
| Tytuł | Technika naprawy odbiorników TV / |
| Pozostałe elementy strefy tytułu i oznaczenia odpowiedzialności | Janusz Łokuć. |
| 250 ## - STREFA WYDANIA | |
| Oznaczenie wydania | Wyd. 2. |
| 260 ## - STREFA ADRESU WYDAWNICZEGO | |
| Miejsce wydania, dystrybucji itp. | Warszawa : |
| Nazwa wydawcy, dystrybutora itp. | Wydawnictwa Komunikacji i Łączności, |
| Data wydania, dystrybucji itp. | dr. 1970. |
| 300 ## - STREFA OPISU FIZYCZNEGO | |
| Określenie formy dokumentu i/lub objętość | 397, [3] s., [4] k. tabl. : |
| Inne elementy opisu fizycznego | il. ; |
| Wymiary | 23 cm. |
| 336 ## - TYP ZAWARTOŚCI | |
| Termin opisujący typ zawartości | Tekst |
| Kod określający zawartość | txt |
| Źródło | rdacontent |
| 337 ## - TYP MEDIÓW | |
| Tryb odtwarzania | Bez urządzenia pośredniczącego |
| Kod typu mediów | n |
| Źródło | rdamedia |
| 338 ## - TYP/RODZAJ NOŚNIKA | |
| Hasło opisujące typ nośnika | Wolumin |
| Kod typu nośnika | nc |
| Źródło | rdacarrier |
| 380 ## - FORMA DZIEŁA | |
| Forma dzieła | Książki |
| 504 ## - UWAGA DOTYCZĄCA BIBLIOGRAFII ZAŁĄCZNIKOWEJ | |
| Uwaga dotycząca bibliografii | Bibliogr. |
| 650 #7 - HASŁO PRZEDMIOTOWE - NAZWA POSPOLITA | |
| Nazwa pospolita lub nazwa geograficzna jako element wprowadzający | Remont |
| Źródło hasła lub deskryptora | DBN |
| 650 #7 - HASŁO PRZEDMIOTOWE - NAZWA POSPOLITA | |
| Nazwa pospolita lub nazwa geograficzna jako element wprowadzający | Telewizory |
| Źródło hasła lub deskryptora | DBN |
| 658 ## - TERMIN INDEKSOWANY - CEL PROGRAMU NAUCZANIA | |
| Główny cel programu nauczania | Inżynieria i technika |
| 710 2# - HASŁO DODATKOWE - NAZWA CIAŁA ZBIOROWEGO | |
| Nazwa ciała zbiorowego lub nazwa geograficzna jako pierwszy element | Wydawnictwa Komunikacji i Łączności |
| Powiązanie | pbl |
| 942 ## - ADDED ENTRY ELEMENTS (KOHA) | |
| Źródło klasyfikacji lub schemat ustawienia na półkach | Inne/Ogólny schemat klasyfikacji |
| Typ egzemplarza Koha | Książki |
| Ukryj w OPAC | Nie |
| Wycofany | Zagubiony | Źródło klasyfikacji lub schemat ustawienia na półkach | Status uszkodzenia | Nie można wypożyczyć | Biblioteka macierzysta | Obecna biblioteka | Data nabycia | Źródło nabycia | Cena | Numer inwentarzowy | Numer akcesji | Razem wypożyczeń | Sygnatura | Kod kreskowy | Ostatnio widziany | Cena obowiązuje od | Typ egzemplarza Koha |
|---|---|---|---|---|---|---|---|---|---|---|---|---|---|---|---|---|---|
| Inne/Ogólny schemat klasyfikacji | Księgozbiór Prywatny Rytwiany | Księgozbiór Prywatny Rytwiany | 19/07/2014 | Dar wewnętrzny | 10.00 | RYT-051 | 1/2014 | R.51 | 2000000000510 | 03/05/2026 | 03/05/2026 | Książki |